[Event "GMB"]
[Site "Bermuda BER"]
[Date "2003.01.25"]
[Round "1"]
[White "Schmaltz,R"]
[Black "Dinstuhl,V"]
[Result "1-0"]
[WhiteElo "2529"]
[BlackElo "2416"]

1.e4 c5 2.Nf3 d6 3.d4 cxd4 4.Nxd4 Nf6 5.Nc3 a6 6.f3 e6 7.g4 Nc6 8.Be3 Be7
9.Qd2 O-O 10.O-O-O Nxd4 11.Qxd4 b5 12.g5 Nd7 13.f4 Rb8 14.h4 b4 15.Ne2 Qc7
16.Kb1 e5 17.Qd2 Nc5 18.Bg2 Bb7 19.Ng3 exf4 20.Bxf4 Rfc8 21.Rhe1 Qa5 22.Nf5 Nxe4
23.Bxe4 Bxe4 24.Rxe4 Qxf5 25.Rde1 Qd7 26.Qe2 Rb7 27.Qxa6 g6 28.Bxd6 Rd8 29.Rxe7  1-0

[Event "Open"]
[Site "Auckland AUS"]
[Date "2003.01.30"]
[Round "8"]
[White "Kulashko,A"]
[Black "Froehlich,P"]
[Result "0-1"]
[WhiteElo "2387"]
[BlackElo "2421"]

1.e4 c5 2.Nf3 d6 3.d4 cxd4 4.Nxd4 Nf6 5.Nc3 a6 6.f3 e5 7.Nb3 Be7 8.Be3 Be6
9.Qd2 h5 10.Nd5 Bxd5 11.exd5 a5 12.a4 Nbd7 13.Qd3 O-O 14.Qb5 Qc7 15.Bd3 Nc5
16.Nxc5 dxc5 17.O-O-O Ne8 18.c4 f5 19.Bc2 Nd6 20.Qb3 Bf6 21.g4 hxg4 22.fxg4 f4
23.Bxf4 exf4 24.g5 Bxg5 25.Qh3 Bh6 26.Qe6+ Rf7 27.Bg6 Rd8 28.Rhg1 Kh8 29.Bxf7 Qxf7
30.Rg6 Kh7 31.Qxf7 Nxf7 32.Re6 Nd6 33.b3 Nf5 34.Rf1 f3+ 35.Kb2 Nd4 36.Re7 b6
37.Rf2 Bg5 38.Re4 Kg6 39.Kc3 Rf8 40.Kd3 Kh5 41.Kc3 Bh4 42.Rf1 f2 43.d6 Rd8
44.Re5+ Kg4 45.Re4+ Kh3 46.Rd1 g5 47.Rd3+ Kxh2  0-1

[Event "Open"]
[Site "Auckland AUS"]
[Date "2003.01.31"]
[Round "9"]
[White "Watson,B"]
[Black "Froehlich,P"]
[Result "1/2-1/2"]
[WhiteElo "2266"]
[BlackElo "2421"]

1.e4 c5 2.Nf3 d6 3.d4 cxd4 4.Nxd4 Nf6 5.Nc3 a6 6.f3 Qb6 7.Nb3 e6 8.Bd3 Be7
9.Qe2 Qc7 10.a4 Nc6 11.Be3 Nb4 12.O-O d5 13.a5 dxe4 14.fxe4 Bd7 15.Bb6 Qe5
16.Nd2 Nxd3 17.cxd3 Bc5+ 18.Kh1 Bxb6 19.Nc4 Qd4 20.axb6 O-O 21.Ra5 Bc6 22.Rg5 Nd7
23.e5 f5 24.exf6 Rxf6 25.Rxf6 Qxf6 26.Rg3 Rf8 27.h3 Bd5 28.Nxd5 Qf1+ 29.Qxf1 Rxf1+
30.Kh2 exd5 31.Ne3 Rb1 32.Nxd5 Rxb2 33.Re3 Nf6 34.Ne7+ Kf8 35.Nc8 Rc2 36.Nd6 Rc6
37.Nxb7 Rxb6 38.Nc5 Rd6 39.d4 Kf7 40.Ra3 Rxd4  1/2-1/2

[Event "II Marcelo Salado Cup Gp A"]
[Site "Santa Clara CUB"]
[Date "2003.02.08"]
[Round "8"]
[White "Espinosa,E"]
[Black "Ruiz,O"]
[Result "1-0"]
[WhiteElo "2265"]
[BlackElo "2216"]

1.e4 c5 2.Nf3 d6 3.d4 cxd4 4.Nxd4 Nf6 5.Nc3 a6 6.f3 e6 7.Be3 b5 8.Qd2 Bb7
9.g4 Nfd7 10.O-O-O Nb6 11.Bd3 N8d7 12.Qf2 Rc8 13.Nce2 d5 14.e5 Qc7 15.f4 Nc5
16.Kb1 Nba4 17.Bc1 Be7 18.f5 g6 19.fxe6 fxe6 20.Nf4 Rf8 21.Rhf1 Qb6 22.Ndxe6 Qxe6
23.Nxe6 Rxf2 24.Rxf2 Nxe6 25.Rdf1 Rc7 26.Rf7 Bd8 27.Rxh7  1-0

[Event "II Marcelo Salado Cup Gp A"]
[Site "Santa Clara CUB"]
[Date "2003.02.10"]
[Round "10"]
[White "Alvarez Pedraza,A"]
[Black "Ruiz,O"]
[Result "1-0"]
[WhiteElo "2233"]
[BlackElo "2216"]

1.e4 c5 2.Nf3 d6 3.d4 cxd4 4.Nxd4 Nf6 5.Nc3 a6 6.f3 e6 7.Be3 b5 8.Qd2 Bb7
9.g4 Nfd7 10.O-O-O Nb6 11.Qf2 N8d7 12.Bd3 Rc8 13.Nce2 d5 14.e5 Nc4 15.Bxc4 dxc4
16.Kb1 Bc5 17.h4 Qb6 18.Qg3 b4 19.h5 b3 20.cxb3 cxb3 21.axb3 Bd5 22.Rd3 Rb8
23.Rc1 a5 24.Nf4 Qa6 25.Rdc3 Bb4 26.Rc7 Nb6 27.g5 g6 28.Qh3 Rf8 29.Nc6 Rc8
30.Nxd5 Nxd5 31.Rxc8+  1-0

[Event "11th Aosta Open"]
[Site "Saint Vincent ITA"]
[Date "2003.02.12"]
[Round "5"]
[White "Martorelli,A"]
[Black "Ibrahimov,R"]
[Result "0-1"]
[WhiteElo "2255"]
[BlackElo "2462"]

1.e4 c5 2.Nf3 d6 3.d4 cxd4 4.Nxd4 Nf6 5.Nc3 a6 6.f3 e5 7.Nb3 Be6 8.Be3 Be7
9.Qd2 O-O 10.O-O-O Qc7 11.g4 Rc8 12.Kb1 d5 13.g5 d4 14.gxf6 dxe3 15.Qxe3 Bxf6
16.Bd3 Nd7 17.Nd5 Qd8 18.Rhg1 g6 19.h4 Bxh4 20.Qh6 Bf6 21.Rh1 Nf8 22.Qe3 Bxd5
23.exd5 Bg7 24.c3 Qd6 25.Bc2 a5 26.a4 Nd7 27.Nd2 f5 28.Bb3 b5 29.axb5 Nb6
30.Qd3 a4 31.Nc4 Nxc4 32.Bxc4 Rc5 33.Rc1 Rac8 34.Ba2 e4 35.fxe4 a3 36.Rc2 axb2
37.c4 f4 38.Qh3 h6 39.Rg1 g5 40.Re2 Be5 41.Rh2 Bg7 42.Re2 Rf8 43.Qf3 Be5
44.Reg2 Qg6 45.Kc2 Ra8 46.Kb1 Kh7 47.Re1 Rc7 48.Rgg1 Rca7 49.Bb3 Ra1+ 50.Kc2 g4
51.Qd3 f3 52.Rb1 f2 53.Rgd1 g3 54.Qf3 Rxb1 55.Rxb1 Ra1 56.d6 Rxb1 57.Kxb1 g2  0-1

[Event "11th Aosta Open"]
[Site "Saint Vincent ITA"]
[Date "2003.02.13"]
[Round "6"]
[White "Arizmendi Martinez,J"]
[Black "Costantini,R"]
[Result "1-0"]
[WhiteElo "2520"]
[BlackElo "2274"]

1.e4 c5 2.Nf3 d6 3.d4 cxd4 4.Nxd4 Nf6 5.Nc3 a6 6.f3 e5 7.Nb3 Be6 8.Be3 Nbd7
9.g4 b5 10.g5 b4 11.Ne2 Nh5 12.Qd2 a5 13.Ng3 Nxg3 14.hxg3 a4 15.Nc1 Qa5 16.Nd3 d5
17.exd5 Qxd5 18.Bg2 Qb5 19.f4 Rc8 20.O-O g6 21.Rae1 Bg7 22.Nxb4 exf4 23.Bd4 Bxd4+
24.Qxd4 O-O 25.Bd5 Qc5 26.Rxf4 Qxd4+ 27.Rxd4 Nc5 28.c4 Rb8 29.a3 Rb6 30.Re5 Rc8
31.Kf2 Kg7 32.Re2 Nb3 33.Rde4 Nc5 34.R4e3 Bg4 35.Re8 Rxe8 36.Rxe8 Ne6 37.Ke3 Nxg5
38.c5 Rf6 39.c6 Rf1 40.Kd2 Rg1 41.c7 Rxg3 42.Be6 Rg2+ 43.Kc3 Ne4+ 44.Kd4 Nd6
45.Bxg4 Nb5+ 46.Ke3 Nxc7 47.Re7 Nb5 48.Be2 Nd6 49.Kf3 Rh2 50.Nd3 Nf5 51.Re4 h5
52.Rxa4 g5 53.Bf1 f6 54.Nf2 g4+ 55.Nxg4 hxg4+ 56.Rxg4+ Kf7 57.Rb4 Ke6 58.a4 Nd6
59.a5 Rh1 60.Kg2 Rh5 61.a6 Ra5 62.Rb7 Kd5 63.Rc7 Ra2 64.Rc2 f5 65.Kf3 Ke5
66.Rc5+ Kd4 67.Rc2 Ke5 68.Ke3 Ra1 69.Bd3 f4+ 70.Kf3 Nf7 71.Rc7 Ng5+ 72.Kf2 Ne6
73.Rc6 Kd5 74.Rb6 Nc5 75.Be2 Ra2 76.Kf3 Nxa6 77.Bxa6 Kc5 78.Rf6 Rxb2 79.Rf5+ Kb6
80.Rf6+ Kc5 81.Rxf4 Rb3+ 82.Ke2 Rb2+ 83.Ke3 Rb3+ 84.Bd3 Ra3 85.Rf5+ Kd6 86.Kd4 Ra2
87.Rf6+ Kd7 88.Bc4 Rd2+ 89.Kc5 Ke7 90.Rf7+ Ke8 91.Rh7 Kf8 92.Bd5 Rf2 93.Kd6 Rf6+
94.Ke5 Rf2 95.Be6 Ke8 96.Ra7 Re2+ 97.Kd6 Kf8 98.Rf7+ Ke8 99.Rg7 Rf2 100.Rg3 Rf1
101.Bc4 Rf2 102.Bd5 Rf1 103.Rg4 Rf2 104.Ke6 Kd8 105.Rc4 Rd2 106.Kd6 Rh2 107.Ra4 Rc2
108.Ra7 Rc1 109.Bb3 Rc3 110.Be6 Rd3+ 111.Bd5 Rc3 112.Rd7+ Kc8 113.Rh7 Kb8
114.Rb7+ Kc8 115.Rb4 Kd8 116.Bc4 Kc8 117.Be6+  1-0

[Event "Aeroflot Open"]
[Site "Moscow RUS"]
[Date "2003.02.17"]
[Round "7"]
[White "Svidler,P"]
[Black "Kempinski,R"]
[Result "1-0"]
[WhiteElo "2693"]
[BlackElo "2545"]

1.e4 c5 2.Nf3 d6 3.d4 cxd4 4.Nxd4 Nf6 5.Nc3 a6 6.f3 e5 7.Nb3 Be6 8.Be3 Be7
9.Qd2 O-O 10.O-O-O Nbd7 11.g4 Qc7 12.Kb1 Rfc8 13.g5 Nh5 14.Rg1 a5 15.a3 Nb6
16.f4 Nxf4 17.Bxf4 exf4 18.Qxf4 Nc4 19.Rg3 g6 20.Nd4 Bf8 21.Ndb5 Qb6 22.Bxc4 Rxc4
23.Nxd6 Rd4 24.Rxd4 Qxd4 25.Ndb5 Qb6 26.Nc7 Rd8 27.N3d5 Bd6 28.Qf1 Qd4 29.Nf6+ Kh8
30.Nxe6 fxe6 31.Rd3 Qe5 32.Nxh7 Be7 33.Rxd8+ Bxd8 34.Qf7 Qg7 35.Qe8+ Kxh7
36.Qxd8 Qe5 37.Qd7+ Kg8 38.Qc8+  1-0

[Event "TCh-BEL 2002-3"]
[Site "Belgium BEL"]
[Date "2003.02.23"]
[Round "9"]
[White "Thirion,M"]
[Black "Kohlweyer,B"]
[Result "0-1"]
[WhiteElo "2187"]
[BlackElo "2454"]

1.e4 c5 2.Nf3 d6 3.d4 cxd4 4.Nxd4 Nf6 5.Nc3 a6 6.f3 e6 7.Be3 b5 8.Qd2 Nbd7
9.O-O-O Bb7 10.g4 Rc8 11.g5 Nh5 12.Bd3 g6 13.Nce2 d5 14.Ng3 Nxg3 15.hxg3 Ne5
16.Kb1 Bg7 17.Rh4 dxe4 18.Bxe4 Bxe4 19.Rxe4 Nc4 20.Qe2 Nxe3 21.Qxe3 O-O 22.Rh1 Rc4
23.c3 b4 24.Qe2 Qd5 25.Nf5 Qxf5 26.Qxc4 bxc3 27.bxc3 Qxf3 28.Rc1 Qxg3 29.Qc5 Qd3+  0-1

[Event "Open"]
[Site "Cappelle la Grande FRA"]
[Date "2003.02.24"]
[Round "3"]
[White "Ionov,S"]
[Black "Dudas,Jan"]
[Result "1-0"]
[WhiteElo "2531"]
[BlackElo "2341"]

1.e4 c5 2.Nf3 d6 3.d4 cxd4 4.Nxd4 Nf6 5.Nc3 a6 6.f3 e6 7.Be3 b5 8.g4 Bb7
9.Qd2 Nfd7 10.O-O-O Nb6 11.Bg5 Qc7 12.Kb1 b4 13.Nce2 d5 14.Ng3 N8d7 15.Bd3 Bc5
16.Nb3 a5 17.Nh5 Bf8 18.Rhe1 f6 19.Bh4 Kf7 20.g5 Be7 21.Bg3 Bd6 22.gxf6 gxf6
23.Nd4 Nc5 24.Qh6  1-0

[Event "Open"]
[Site "Cappelle la Grande FRA"]
[Date "2003.02.24"]
[Round "3"]
[White "Vorobiov,E"]
[Black "Jakubowski,K"]
[Result "0-1"]
[WhiteElo "2541"]
[BlackElo "2473"]

1.e4 c5 2.Nf3 d6 3.d4 cxd4 4.Nxd4 Nf6 5.Nc3 a6 6.f3 e5 7.Nb3 Be6 8.Be3 Nbd7
9.g4 b5 10.g5 b4 11.Nd5 Nxd5 12.exd5 Bf5 13.Bd3 Bxd3 14.Qxd3 Be7 15.Rg1 O-O
16.O-O-O f5 17.gxf6 Bxf6 18.Nd2 Kh8 19.Ne4 Qc7 20.Rg3 Rf7 21.Rdg1 a5 22.Rh3 Nf8
23.Bg5 Rc8 24.f4 a4 25.Kb1 a3 26.b3 Qb6 27.Qe3 Qxe3 28.Rxe3 Bxg5 29.fxg5 Rd8
30.c3 Ng6 31.cxb4 Nf4 32.Rd1 Kg8 33.Rc3 Ne2 34.Rc6 Rf3 35.b5 Re3 36.Nxd6 Nc3+
37.Rxc3 Rxc3 38.Nc4 e4 39.b6 e3 40.d6  0-1

[Event "Open"]
[Site "Cappelle la Grande FRA"]
[Date "2003.02.24"]
[Round "4"]
[White "Zontakh,A"]
[Black "Zufic,M"]
[Result "1-0"]
[WhiteElo "2508"]
[BlackElo "2424"]

1.e4 c5 2.Nf3 d6 3.d4 cxd4 4.Nxd4 Nf6 5.Nc3 a6 6.f3 e5 7.Nb3 Be6 8.Be3 Be7
9.Qd2 O-O 10.O-O-O Qc7 11.g4 Rc8 12.g5 Nh5 13.Kb1 Nd7 14.Nd5 Bxd5 15.exd5 g6
16.Bh3 Re8 17.Bg4 Nf4 18.Bxd7 Qxd7 19.Bxf4 exf4 20.Qxf4 Bf8 21.Nd2 Re5 22.Ne4 Bg7
23.h4 Rd8 24.Nf6+ Bxf6 25.Qxf6 Rc8 26.h5 Qf5 27.Qxd6 Re2 28.Ka1 Qxf3 29.hxg6 hxg6
30.a3 Qf5 31.Qb6 Qxg5 32.d6 Rd8 33.d7 Kg7 34.Rdg1 Qe7 35.Qd4+ Qe5 36.Qh4 Rxc2
37.Qh6+ Kf6 38.Qh4+ Kg7 39.Qh6+ Kf6 40.Rf1+ Ke6 41.Qh3+ Ke7 42.Qb3 Qc5 43.Qxf7+ Kd6
44.Rd1+ Kc7 45.Qf4+ Kb6 46.Qf6+  1-0

[Event "ch-RUS w 1st League"]
[Site "Serpukhov RUS"]
[Date "2003.02.25"]
[Round "6"]
[White "Pyatikopova,N"]
[Black "Komiagina,M"]
[Result "0-1"]
[WhiteElo "2090"]
[BlackElo "2214"]

1.e4 c5 2.Nf3 d6 3.d4 cxd4 4.Nxd4 Nf6 5.Nc3 a6 6.f3 e6 7.Be3 b5 8.Qd2 Nbd7
9.g4 Nb6 10.O-O-O Bb7 11.h4 Rc8 12.h5 b4 13.Nb1 d5 14.e5 Nfd7 15.f4 Nc4 16.Bxc4 dxc4
17.Rh2 c3 18.Qe2 Qa5 19.bxc3 bxc3 20.Rd3 Qxa2 21.Rxc3 Rxc3 22.Nxc3 Qa3+ 23.Kd2 Bb4
24.Qc4 Nc5 25.Ne2 Bd5 26.Qd4 O-O 27.Ke1 Ne4 28.Bd2 Qa1+ 29.Bc1 Bxc3+ 30.Nxc3 Qxc1+
31.Nd1 Qxf4 32.Re2 Qg3+ 33.Nf2 Qg1+  0-1

[Event "Open"]
[Site "Cappelle la Grande FRA"]
[Date "2003.02.28"]
[Round "8"]
[White "Shomoev,A"]
[Black "Calotescu,C"]
[Result "1-0"]
[WhiteElo "2541"]
[BlackElo "2334"]

1.e4 c5 2.Nf3 d6 3.d4 Nf6 4.Nc3 cxd4 5.Nxd4 a6 6.f3 e5 7.Nb3 Be6 8.Be3 Be7
9.Qd2 O-O 10.O-O-O Qc7 11.g4 Nbd7 12.Kb1 Rfb8 13.g5 Nh5 14.Nd5 Bxd5 15.exd5 Nf8
16.Bh3 Ng6 17.Bg4 Ngf4 18.Nd4 Nxd5 19.Ne6 fxe6 20.Bxe6+ Kh8 21.Bxd5 Rf8 22.Rhg1 Nf4
23.Bb3 b5 24.Rg4 Rf5 25.Bxf4 exf4 26.Bd5 Raf8 27.h4 a5 28.Be4 Re5 29.Rxf4 Rxf4
30.Qxf4 d5 31.Qf7 Bd6 32.Qxc7 Bxc7 33.Bxd5 g6 34.a3 b4 35.axb4 axb4 36.Ka2 Bd6
37.Be4 Be7 38.Rd4 Kg7 39.f4 Ra5+ 40.Kb3 Ra7 41.f5 gxf5 42.Bxf5 Rc7 43.Re4 Ra7
44.Re6 Bf8 45.h5 Re7 46.Rc6 Rf7 47.Bxh7  1-0

[Event "52nd ch-BUL w"]
[Site "Sofia BUL"]
[Date "2003.02.28"]
[Round "8"]
[White "Jovkova Draganova,P"]
[Black "Besheva,S"]
[Result "1/2-1/2"]
[WhiteElo "2046"]
[BlackElo "2157"]

1.e4 c5 2.Nf3 d6 3.d4 cxd4 4.Nxd4 Nf6 5.Nc3 a6 6.f3 e5 7.Nb3 h5 8.Be3 Be6
9.Nd5 Bxd5 10.exd5 Nbd7 11.Qd2 Be7 12.Be2 Rc8 13.c4 h4 14.Na5 Qc7 15.b4 Nh5
16.Bd3 g6 17.a3 Nf4 18.Bf1 Bg5 19.Rg1 Be7 20.g3 hxg3 21.hxg3 Nh5 22.Rh1 Rg8
23.Rh3 Ndf6 24.Bd3 Qd7 25.Qh2 e4 26.Bxe4 Nxe4 27.fxe4 Qg4 28.e5 dxe5 29.c5 Qe4
30.Qe2 Qxd5 31.Qg4 Rd8 32.Rd1 f5 33.Rxd5 fxg4 34.Rxd8+ Bxd8 35.Rh2 Bxa5 36.bxa5 Kd7
37.Bg5 Rf8 38.Rb2 Kc7 39.Rb6 Nxg3 40.Rxg6 Rf1+ 41.Kd2 Rf2+ 42.Ke1 Rf1+ 43.Kd2 Ne4+
44.Ke2 Ng3+ 45.Kd2 e4 46.Be7 e3+ 47.Kxe3 Nf5+ 48.Ke2 Nxe7 49.Rg7 Rf4 50.Rxe7+ Kc6
51.Rg7 Ra4 52.Rg6+ Kxc5 53.Rg5+ Kc6 54.Rg6+ Kc5 55.Rg5+ Kd6 56.Rg7 Rxa5 57.Rxb7 Rxa3
58.Kf2 a5 59.Rb5 Kc6 60.Rg5 g3+ 61.Kg2 a4 62.Rg6+ Kd5 63.Rg5+ Ke4 64.Rg4+ Kf5
65.Rb4 Ke5 66.Rg4 Kd5 67.Rg5+ Kc4 68.Rg4+ Kb3 69.Rxg3+ Kb2 70.Rg4 Ra1 71.Kf2 a3
72.Rg8 Rd1 73.Ke2 Rd7 74.Rb8+ Ka1 75.Rb3 a2 76.Rb6 Rd8 77.Rb7 Rd5 78.Rb6 Rd8
79.Rb7 Rd5 80.Rb6 Rd7 81.Rb8 Rh7 82.Kd2 Rh1 83.Kc2 Rb1 84.Rh8 Rb2+ 85.Kc3 Rb1
86.Kc2 Rg1 87.Rb8 Rg2+ 88.Kc1  1/2-1/2

[Event "Tch-SWE 2002-3"]
[Site "Sweden SWE"]
[Date "2003.03.01"]
[Round "8"]
[White "Winge,S"]
[Black "Soderberg,P"]
[Result "0-1"]
[WhiteElo "2262"]
[BlackElo "2254"]

1.e4 c5 2.Nf3 d6 3.d4 cxd4 4.Nxd4 Nf6 5.Nc3 a6 6.f3 e5 7.Nb3 Be6 8.Be3 Nbd7
9.Qd2 Be7 10.g4 b5 11.g5 Nh5 12.a4 b4 13.Nd5 Bxd5 14.Qxd5 O-O 15.Rg1 Qc7
16.a5 Nc5 17.Qd2 Ne6 18.Ra4 Nhf4 19.h4 Rfc8 20.Rxb4 Qxc2 21.Qxc2 Rxc2 22.Na1 Rh2
23.Bf2 d5 24.Rb6 Rxf2 25.Kxf2 Bc5+ 26.Kg3 Bxg1 27.Rxa6 Rb8 28.b3 g6 29.Rd6 dxe4
30.Bc4 e3 31.Nc2 Bf2+ 32.Kg4 h5+ 33.gxh6 f5+  0-1

[Event "Spring Festival GM"]
[Site "Bucharest ROM"]
[Date "2003.03.03"]
[Round "1"]
[White "Lupulescu,C"]
[Black "Musat,A"]
[Result "1-0"]
[WhiteElo "2496"]
[BlackElo "2410"]

1.e4 c5 2.Nf3 d6 3.d4 cxd4 4.Nxd4 Nf6 5.Nc3 a6 6.f3 e5 7.Nb3 Be6 8.Be3 Be7
9.Qd2 O-O 10.O-O-O Nbd7 11.g4 Nb6 12.g5 Nh5 13.Rg1 Rc8 14.Kb1 Kh8 15.Qf2 Nc4
16.Bxc4 Bxc4 17.Nd5 Bxd5 18.Rxd5 Qe8 19.Na5 Rc7 20.Rgd1 f6 21.Bb6 Rd7 22.Nc4 Nf4
23.R5d2 Qf7 24.Nxd6 Bxd6 25.Rxd6 Rxd6 26.Rxd6 fxg5 27.b3 h6 28.Qd2 Ng6 29.Qd5 Kh7
30.Rd7 Qxf3 31.Qxb7 Rg8 32.Qxa6 Qxe4 33.Kb2 Ra8 34.Qb7 Qxb7 35.Rxb7 g4 36.a4 h5
37.a5 h4 38.Rd7 Nf8 39.Rd2 Kg6 40.b4 Kf5 41.b5 g3 42.hxg3 h3 43.a6 Ne6 44.a7  1-0

[Event "X Anibal Open"]
[Site "Linares ESP"]
[Date "2003.03.03"]
[Round "4"]
[White "Lauridsen,Jesper"]
[Black "Candela Perez,J"]
[Result "1-0"]
[WhiteElo "2223"]
[BlackElo "2432"]

1.e4 c5 2.Nf3 d6 3.d4 cxd4 4.Nxd4 Nf6 5.Nc3 a6 6.f3 e6 7.Be3 b5 8.Qd2 Bb7
9.O-O-O Nbd7 10.g4 Nb6 11.Bd3 Nfd7 12.Kb1 Be7 13.Rhe1 Rc8 14.f4 O-O 15.g5 b4
16.Nce2 d5 17.Ng3 Nc5 18.e5 Ne4 19.Qg2 Qc7 20.Nh5 Kh8 21.Qh3 Nc4 22.Nxg7 Kxg7
23.Qh6+ Kg8 24.g6 hxg6 25.Nxe6 fxe6 26.Qxg6+ Kh8 27.Qh5+ Kg8 28.Rg1+ Bg5
29.Bxe4 Rf7 30.Rxg5+ Kf8 31.Rdg1 Ke7 32.Qxf7+ Kxf7 33.Rg7+ Ke8 34.Bg6+ Kd8
35.Rxc7 Kxc7 36.Bf2 Nd2+ 37.Kc1 Nf3 38.Rg3 d4 39.Bh5 Nxh2 40.Rg7+ Kb8 41.Bxd4 Nf3
42.Rxb7+  1-0

[Event "X Anibal Open"]
[Site "Linares ESP"]
[Date "2003.03.04"]
[Round "5"]
[White "Socko,B"]
[Black "Lauridsen,Jesper"]
[Result "1-0"]
[WhiteElo "2577"]
[BlackElo "2223"]

1.e4 c5 2.Nf3 d6 3.d4 cxd4 4.Nxd4 Nf6 5.Nc3 a6 6.f3 e6 7.Be3 Be7 8.g4 Nc6
9.Qd2 O-O 10.O-O-O Nxd4 11.Bxd4 b5 12.Kb1 Bb7 13.h4 Nd7 14.g5 Rc8 15.Qf2 e5
16.Be3 Rxc3 17.bxc3 Qa5 18.Qd2 Rc8 19.Bh3 Rc7 20.Bxd7 Rxd7 21.c4 Qa4 22.cxb5 d5
23.Qd3 axb5 24.Qb3 Qa8 25.h5 b4 26.g6 Rc7 27.Rd3 hxg6 28.hxg6 fxg6 29.f4 exf4
30.exd5 Bd6 31.Bxf4 Qa6 32.Bxd6 Qxd6 33.Rh4 Ba6 34.Rdh3 Bc8 35.Rh2 Bf5 36.Qxb4 Qxd5
37.Rh8+ Kf7 38.Rf8+ Ke6 39.Re2+ Kd7 40.Re7+ Kc6 41.Qc3+  1-0

[Event "FSIMA March"]
[Site "Budapest HUN"]
[Date "2003.03.09"]
[Round "9"]
[White "Gara,A"]
[Black "Alfred,N"]
[Result "1-0"]
[WhiteElo "2327"]
[BlackElo "2250"]

1.e4 c5 2.Nf3 d6 3.d4 cxd4 4.Nxd4 Nf6 5.Nc3 a6 6.f3 e6 7.Be3 b5 8.g4 h6 9.Qd2 Bb7
10.O-O-O Nbd7 11.h4 Rc8 12.Bd3 Ne5 13.g5 Nfd7 14.Kb1 Nc5 15.Rhg1 h5 16.f4 Ng4
17.g6 b4 18.gxf7+ Kxf7 19.Nce2 Nxe4 20.Qxb4 Qc7 21.Nxe6 Kxe6 22.Bb6 d5 23.Qb3 Nc5
24.Bf5+ Kxf5 25.Rxd5+ Kg6 26.Rg5+ Kh6 27.Bxc5 Qd7 28.Bd4 Be4 29.Bc3 Nf6 30.Ng3 Rd8
31.a3 Bd5 32.Qb6 Be6 33.b3 Qd6 34.Qe3 Bg4 35.Bb2 Qd2 36.Qa7 Rd7 37.Qxa6 Rd6
38.Qc4 Qe3 39.Qf7 Qxg1+ 40.Ka2 Kh7 41.Nf5 Rd7 42.Qg6+ Kg8 43.Qxf6 Qa7 44.Nh6+ Rxh6
45.Qxh6 Qc7 46.Qg6 Qxf4 47.Qe8 Qf7 48.Rxg7+ Qxg7 49.Bxg7 Kxg7 50.a4 Be7 51.a5 Bxh4
52.b4 Rd8 53.Qe4 Bf6 54.a6 Rd4 55.Qb7+ Rd7 56.Qc6 Rd1 57.Qb7+ Rd7 58.Qc6 Rd1
59.Kb3 Kf7 60.c3 Be6+ 61.Kc2 Ra1 62.Qb7+ Kg6 63.a7 Ra2+ 64.Kb1 Bxc3 65.Qe4+ Bf5
66.Qxf5+  1-0

[Event "Jch-RUS b20"]
[Site "Essentuki RUS"]
[Date "2003.03.09"]
[Round "7"]
[White "Farakhov,R"]
[Black "Panarin,M"]
[Result "1-0"]
[WhiteElo "2392"]
[BlackElo "2437"]

1.e4 c5 2.Nf3 d6 3.d4 cxd4 4.Nxd4 Nf6 5.Nc3 a6 6.f3 e6 7.Be3 b5 8.Qd2 Nbd7
9.g4 Nb6 10.O-O-O Nfd7 11.Ndxb5 axb5 12.Nxb5 Ba6 13.Nxd6+ Bxd6 14.Qxd6 Nc4
15.Bxc4 Bxc4 16.a3 Be2 17.Rd2 Bxf3 18.Rf1 Bxe4 19.Qd4 Nf6 20.Rxf6 Qxf6 21.Qxe4 O-O
22.Bd4 Qg5 23.Be3 Qh4 24.Bf2 Qh3 25.Bd4 h6 26.Qg2 Qh4 27.Qg3 Qg5 28.h4 Qd5
29.Qe5 Qxe5 30.Bxe5 f6 31.Bd6 Rfc8 32.b3 g5 33.hxg5 hxg5 34.c4 Kf7 35.Kb2 f5
36.c5 Kf6 37.b4 e5 38.gxf5 g4 39.Re2 Re8 40.Kb3 g3 41.b5 Rg8 42.Rg2 Kxf5
43.b6 Kf4 44.b7 Ra7 45.c6 Ra6 46.Rc2 Ke4 47.Bb4 Rb6 48.Ka4 Kd5 49.Rc5+ Ke4
50.Ka5 g2 51.Kxb6 g1=Q 52.c7 Rg6+ 53.Ka7  1-0

[Event "Spring Festival GM"]
[Site "Bucharest ROM"]
[Date "2003.03.14"]
[Round "12"]
[White "Lupulescu,C"]
[Black "Itkis,B"]
[Result "1-0"]
[WhiteElo "2496"]
[BlackElo "2452"]

1.e4 c5 2.Nc3 d6 3.Nge2 Nf6 4.d4 cxd4 5.Nxd4 a6 6.f3 e5 7.Nb3 Be6 8.Be3 Be7
9.Qd2 O-O 10.O-O-O Qc7 11.Kb1 Rc8 12.Qf2 Nbd7 13.g4 b5 14.g5 Nh5 15.Nd5 Bxd5
16.Rxd5 Rcb8 17.f4 Nb6 18.Rd1 Nxf4 19.Bxf4 exf4 20.Qxf4 Nc4 21.h4 a5 22.Nd4 a4
23.Rh3 Qc5 24.Nf5 Bf8 25.Rd5 Qb4 26.Qc1 a3 27.b3 Ne5 28.Nd4 Qa5 29.Bxb5 Qb6
30.h5 g6 31.hxg6 hxg6 32.Qh1 Bg7 33.Rh7 Qc7 34.c4 Qa5 35.Ne2 Qb4  1-0

[Event "Amber Blindfold"]
[Site "Monte Carlo MNC"]
[Date "2003.03.23"]
[Round "8"]
[White "Almasi,Z"]
[Black "Ljubojevic,L"]
[Result "1-0"]
[WhiteElo "2676"]
[BlackElo "2570"]

1.e4 c5 2.Nf3 d6 3.d4 cxd4 4.Nxd4 Nf6 5.Nc3 a6 6.f3 e6 7.Be3 b5 8.g4 Bb7
9.Qd2 Nfd7 10.O-O-O Nb6 11.Nb3 N8d7 12.Na5 Qc7 13.Bf4 Nc8 14.Nxb7 Qxb7 15.h4 Be7
16.g5 Ne5 17.Qg2 Nb6 18.h5 Rc8 19.g6 Qc6 20.h6 Nxg6 21.hxg7 Rg8 22.Be3 Bf6
23.Bd4 Bxd4 24.Rxd4 e5 25.Rd2 Rxg7 26.Qg5 Kf8 27.Qf6 d5 28.Qxc6 Rxc6 29.Nxd5 Nxd5
30.exd5 Rd6 31.a4 Nf4 32.axb5 axb5 33.Bxb5 Rxd5 34.Rxd5 Nxd5 35.c4 Nb4 36.Kd2 Rg2+
37.Kc3 Nc2 38.c5 Nd4 39.Ba4 Rg3 40.Kc4 Rxf3 41.Kd5 Ke7 42.Kxe5 Ne6 43.Rc1 Rd3
44.Rc4  1-0

[Event "Amber Rapid"]
[Site "Monte Carlo MNC"]
[Date "2003.03.25"]
[Round "9"]
[White "Almasi,Z"]
[Black "Anand,V"]
[Result "1/2-1/2"]
[WhiteElo "2676"]
[BlackElo "2753"]

1.e4 c5 2.Nf3 d6 3.d4 cxd4 4.Nxd4 Nf6 5.Nc3 a6 6.f3 e5 7.Nb3 Be6 8.Be3 Nbd7
9.Qd2 b5 10.a4 b4 11.Nd5 Bxd5 12.exd5 Nb6 13.Bxb6 Qxb6 14.a5 Qb7 15.Bc4 g6
16.Ra4 Rb8 17.Qd3 Ra8 18.Qd2 Rb8 19.Qd3 Ra8 20.Qd2  1/2-1/2

[Event "National I"]
[Site "Besancon FRA"]
[Date "2003.04.06"]
[Round "6"]
[White "Kreuscher,W"]
[Black "Sarthou,G"]
[Result "0-1"]
[WhiteElo "2083"]
[BlackElo "2375"]

1.e4 c5 2.Nf3 d6 3.d4 cxd4 4.Nxd4 Nf6 5.Nc3 a6 6.f3 Nc6 7.Be3 d5 8.exd5 Nxd5
9.Nxd5 Qxd5 10.Be2 e5 11.Nb3 Nb4 12.O-O Bf5 13.c3 Nd3 14.Bxd3 Qxd3 15.Qxd3 Bxd3
16.Rfe1 O-O-O 17.Rad1 f6 18.Nc5 Bxc5 19.Bxc5 Rd5 20.Re2 Rhd8 21.Red2 R8d7
22.Kf2 f5 23.Bf8 e4 24.fxe4 fxe4 25.Ke3 Rf7 26.Bb4 Rdf5 27.Bd6 h5 28.Bg3 g5
29.Rf2 h4 30.Rxf5 Rxf5 31.Bd6 Kd7 32.Bb8 Rf8 33.Ba7 Kc6 34.Bd4 g4 35.Rd2 h3
36.Rf2 g3 37.hxg3 Rxf2 38.Kxf2 h2  0-1

[Event "ch-POLJ u20 w"]
[Site "Jarnoltowek POL"]
[Date "2003.04.08"]
[Round "2"]
[White "Zawadzka,J"]
[Black "Kadziolka,B"]
[Result "0-1"]
[WhiteElo "2296"]
[BlackElo "2206"]

1.e4 c5 2.Nf3 d6 3.d4 cxd4 4.Nxd4 Nf6 5.Nc3 a6 6.f3 e5 7.Nb3 Be7 8.Be3 Be6
9.Qd2 O-O 10.O-O-O Nbd7 11.g4 Qc7 12.Kb1 Rfc8 13.h4 b5 14.h5 b4 15.Nd5 Bxd5
16.exd5 a5 17.Rh2 a4 18.Nc1 Ra5 19.Qxb4 Nxd5 20.Rxd5 Rxd5 21.Qxa4 Ra5 22.Qb3 d5
23.Rg2 Rb8 24.Qd3 d4 25.Bd2 Raa8 26.g5 Ba3 27.Nb3 Qa7 28.g6 Bxb2 29.gxf7+ Kh8
30.Qa6 Qxa6 31.Bxa6 Rxa6 32.Kxb2 Rf6 33.f4 e4 34.Kc1 e3 35.Be1 Rxf4 36.Bg3 Rf1+
37.Kb2 Nb6 38.Nxd4 Rb7 39.Kc3 Rbxf7 40.h6 Nd5+ 41.Kc4 Nf4 42.Bxf4 R1xf4 43.Kd3 gxh6
44.Kxe3 R4f6 45.Rh2 Re7+ 46.Kd3 Re5 47.c3 h5 48.Rh4 Kg7 49.a4 Kh6 50.Rh3 Ra5
51.Ke4 Rxa4 52.Ke5 Rf1 53.Rg3 Ra5+ 54.Ke6 h4 55.Rg4 Rh5 56.Nc6 h3 57.Ne7 Re1+
58.Kf6 Rxe7  0-1

[Event "IM"]
[Site "Deizisau GER"]
[Date "2003.04.12"]
[Round "1"]
[White "Jens,J"]
[Black "Janssen,R"]
[Result "1-0"]
[WhiteElo "2375"]
[BlackElo "2483"]

1.e4 c5 2.Nf3 d6 3.d4 cxd4 4.Nxd4 Nf6 5.Nc3 a6 6.f3 e6 7.Be3 b5 8.g4 h6 9.Qd2 Nbd7
10.O-O-O Bb7 11.h4 b4 12.Na4 Qa5 13.b3 g6 14.a3 e5 15.axb4 Qc7 16.Ne2 d5
17.Bh3 Rc8 18.g5 Bxb4 19.c3 Nh5 20.Bxd7+ Kxd7 21.Kb2 Bd6 22.Nb6+ Ke7 23.Nxc8+ Rxc8
24.exd5 a5 25.Ra1 hxg5 26.hxg5 Ba6 27.Rhc1 Rb8 28.Kc2 Qc8 29.Rxa5 Bb4 30.Rxa6 Qxa6
31.cxb4 Qa2+ 32.Kd1 Qxb3+ 33.Ke1 Kd7 34.Qc3 Qxc3+ 35.Nxc3 Rxb4 36.Ne4 Ng7
37.Nf6+ Kd8 38.Bd2 Rb5 39.d6 Ne6 40.d7 Nc5 41.Rc3 Nxd7 42.Rd3 Rb7 43.Bc3 e4  1-0

[Event "IM"]
[Site "Deizisau GER"]
[Date "2003.04.15"]
[Round "6"]
[White "Jens,J"]
[Black "Bindrich,F"]
[Result "1-0"]
[WhiteElo "2375"]
[BlackElo "2284"]

1.e4 c5 2.Nf3 d6 3.d4 cxd4 4.Nxd4 Nf6 5.Nc3 a6 6.f3 e6 7.Be3 b5 8.g4 h6 9.Qd2 Nbd7
10.O-O-O Bb7 11.h4 b4 12.Na4 Qa5 13.b3 g6 14.Kb1 d5 15.Bh3 dxe4 16.g5 Nd5
17.Nxe6 fxe6 18.Bxe6 Ne5 19.Bxd5 Bxd5 20.Qxd5 Qxd5 21.Rxd5 Nxf3 22.Rhd1 Nxh4
23.Re5+ Kf7 24.Rd7+ Kg8 25.Nb6 Rb8 26.Nd5 Bg7 27.Ree7 Rh7 28.gxh6 Nf5 29.Rxg7+ Nxg7
30.Nf6+ Kh8 31.hxg7+ Rxg7 32.Bd4 Ra8 33.Nh5  1-0

[Event "I Regina Prol"]
[Site "Santos BRA"]
[Date "2003.04.23"]
[Round "2"]
[White "D'Israel,D"]
[Black "Frare,F"]
[Result "0-1"]
[WhiteElo "2291"]
[BlackElo "2225"]

1.e4 c5 2.Nf3 d6 3.d4 cxd4 4.Nxd4 Nf6 5.Nc3 a6 6.f3 e6 7.Be3 Nbd7 8.g4 h6
9.Qd2 b5 10.O-O-O Bb7 11.a3 Rc8 12.h4 Nb6 13.Bd3 Nfd7 14.g5 Ne5 15.f4 Nec4
16.Qf2 Qc7 17.g6 Nxb2 18.gxf7+ Kxf7 19.f5 e5 20.Ndxb5 axb5 21.Nxb5 Nxd3+
22.Rxd3 Qc6 23.Nc3 Ba6 24.Qg2 Bxd3 25.Qg6+ Ke7 26.Bxb6 Bc4 27.f6+ gxf6 28.Rf1 Qxb6
29.Qxf6+ Kd7 30.Nd5  0-1

[Event "City-ch"]
[Site "St Petersburg RUS"]
[Date "2003.04.28"]
[Round "13"]
[White "Ionov,S"]
[Black "Popov,Val"]
[Result "1-0"]
[WhiteElo "2541"]
[BlackElo "2570"]

1.e4 c5 2.Nf3 d6 3.d4 cxd4 4.Nxd4 Nf6 5.Nc3 a6 6.f3 e5 7.Nb3 Be6 8.Be3 Be7
9.Qd2 Nbd7 10.g4 Nb6 11.O-O-O O-O 12.Qf2 Nfd7 13.h4 Rc8 14.Nd5 Bxd5 15.exd5 Nc4
16.Bxc4 Rxc4 17.Nd2 Ra4 18.Kb1 f5 19.b3 Rb4 20.c3 Rb5 21.c4 Ra5 22.gxf5 b5
23.c5 Nxc5 24.Ne4 Nd7 25.f6 Bxf6 26.Bd2 b4 27.Bxb4 Rb5 28.Bxd6 Rf7 29.Qc2 Bxh4
30.Bc7  1-0